| 000 | 01094nas a2200301 4500 | ||
|---|---|---|---|
| 001 | BR9202846 | ||
| 003 | BR-BrBNA | ||
| 005 | 20231205092551.0 | ||
| 007 | ta | ||
| 008 | 230509b bl.|||p| |||| 00| 00por d | ||
| 040 |
_aBR-BrBNA _bpor _cBiblioteca Nacional de Agricultura |
||
| 041 | _a(Pt) | ||
| 072 | _aP34 | ||
| 100 | 1 | _aPaula, M.A. | |
| 100 | 1 | _aSiqueira, J.O. | |
| 100 | 1 | _aHoshika, E. | |
| 111 | 1 |
_a2. Reuniao Brasileira sobre Micorrizas _cSao Paulo, SP (Brazil) _d5-9 Oct 1987 |
|
| 245 | 1 | _aCrescimento, nutricao e producao de soja inoculada com populacoes de fungos micorrizicos vesiculo-arbusculares | |
| 246 | 1 | _aGrowth, mineral nutrition and production of soybeans inoculated with different populations of native vesicular-arbuscular mycorrhizal fungi | |
| 650 | _aSOJA | ||
| 650 | _aMICORRIZA | ||
| 650 | _aSIMBIOSE | ||
| 650 | _aINOCULACAO | ||
| 650 | _aCRESCIMENTO | ||
| 773 | 0 |
_tRevista Brasileira de Ciencia do Solo (Brazil) _xISSN 0100-0683 _g(May-Aug 1990), v. 14(2) p. 151-156 _wBR9202846 |
|
| 909 |
_a202311 _bLúcia _c55 _dLúcia Elande |
||
| 942 |
_2AGRIS _n0 _cANA |
||
| 999 |
_c132549 _d132549 |
||